Ku koncepcii politiky zamestnanosti

Dosiahnutie rovnováhy medzi ponukou a dopytom na trhu práce a produktívne využitie zdrojov pracovných síl ako jeden zo základných cieľov hospodárskej politiky a sociálnej politiky štátu. Analýza faktorov, ovplyvňujúcich ponuku na trhu práce, dopyt na trhu práce a vzťah medzi nimi.

Gespeichert in:
Bibliographische Detailangaben
1. Verfasser: Hrebíčková, Marta
Format: Buchkapitel
Sprache:Slowakisch
Schlagworte:
Tags: Tag hinzufügen
Keine Tags, Fügen Sie das erste Tag hinzu!

MARC

LEADER 00000naa a2200000 4500
001 r021027
005 20230807093925.5
041 0 |a slo 
044 |a SK 
245 1 0 |a Ku koncepcii politiky zamestnanosti  |c Marta Hrebíčková 
520 |a Dosiahnutie rovnováhy medzi ponukou a dopytom na trhu práce a produktívne využitie zdrojov pracovných síl ako jeden zo základných cieľov hospodárskej politiky a sociálnej politiky štátu. Analýza faktorov, ovplyvňujúcich ponuku na trhu práce, dopyt na trhu práce a vzťah medzi nimi. 
610 2 0 |a trh práce 
610 2 0 |a ponuka práce 
610 2 0 |a dopyt 
610 2 0 |a sily pracovné 
610 2 0 |a politika zamestnanosti 
610 2 0 |a koncepcie 
610 2 0 |a MPSVR SR Bratislava 
100 1 |a Hrebíčková, Marta